| 000 | 00354cam a22001331 4500 | ||
|---|---|---|---|
| 082 |
_a823 _bELI _cL-29, P-5 |
||
| 100 | 1 |
_aEliot, George, _9349 |
|
| 245 | 1 | 0 |
_aAdam Bede, _cEliot, George, |
| 260 |
_aNew York _bCollier Books _c[1962] |
||
| 300 |
_a510 p. _bill. _c17 cm |
||
| 526 |
_a0 _b0 _c0 _d823_000000000000000_ELI |
||
| 650 | 0 |
_aMCE _9379 |
|
| 942 |
_2ddc _cBK |
||
| 999 |
_c549335 _d549335 |
||